Territori di Risiko! Quiz su mappa - Statistics

Statistiche generali
  • Questo quiz è stato fatto 1.511 volte
  • Il punteggio medio è 25 su 42
Risposte nella Mappa
Le risposte nella mappa del quiz sottostante sono codificate secondo una scala di colori dal rosso al verde in base alla % di persone che hanno risposto correttamente.
 
Statistiche sulle risposte
Continent Place % Corretto
South America Brasile
90%
Asia India
88%
South America Argentina
86%
Asia Cina
85%
Asia Giappone
84%
Africa Madagascar
80%
Europe Islanda
78%
North America Alaska
77%
North America Groenlandia
77%
South America Peru
77%
Europe Europa Meridionale
74%
Oceania Indonesia
74%
Europe Europa Occidentale
73%
Africa Egitto
70%
Europe Europa settentrionale
69%
Europe Scandinavia
69%
South America Venezuela
69%
Oceania Australia Orientale
66%
Africa Africa Meridionale
65%
Oceania Australia Occidentale
65%
Africa Congo
62%
Africa Africa Orientale
61%
Asia Medio Oriente
60%
North America America Centrale
59%
Europe Gran Bretagna
55%
North America Quebec
55%
Asia Siberia
55%
Africa Africa del Nord
51%
Asia Mongolia
51%
North America Ontario
48%
Asia Kamchatka
47%
North America Stati Uniti Occidentali
45%
North America Stati Uniti Orientali
44%
Europe Ucraina
44%
North America Alberta
43%
Asia Urali
43%
Oceania Nuova Guinea
41%
Asia Siam
39%
North America Territorio del Nord-Ovest
34%
Asia Afghanistan
31%
Asia Cita
29%
Asia Jakutsk
29%
Nessun quiz corrispondente trovato
Distribuzione punteggi
Percentuale di utenti per punteggio
Percentile per numero di risposta
I tuoi punteggi nel tempo
Non hai fatto questo quiz